00647nam a22001817a 450000500170000001000150001702000120003203500140004403700130005808200120007110000150008324501200009825000110021826000430022927001290027230000330040150000310043420230316115600.0 aENG-136443 c1150.00 aEN-119975 bDBAD/PUB a615.532 aBaig.Mirza aSurgery Without Knife :cBy Thomson Jacob ;Giridhar Kinhal and B.MeenakumaribAn Evidence Based Clinical Research / aFirst  bMafkhar Charitable TrustaMumbaic2011 a19= Rahat Manzil Off Turner Road Bandra West Near Bandra LakebMumbaie400050k26421718l23723358mhomomafa@born7vsnl.net.in axxvii227p.;c21cm(hbk)bill. aThe Homopathic Panch-karma